| 000 | 00756nam a2200241 a 4500 | ||
|---|---|---|---|
| 001 | BRCA_8139 | ||
| 005 | 20190320210140.0 | ||
| 008 | 110414s19641965enka###f##---#000-0#eng-# | ||
| 041 | _aeng | ||
| 044 | _aenk | ||
| 050 | 4 |
_aN5208.5 _b.C55 _c1965 |
|
| 245 | 1 | 0 |
_aChristie´s review of the year _boctober, 1964 - july, 1965. |
| 260 |
_aLondres _bClaridge, Lewis & Jordan LTD _c1965 |
||
| 300 |
_a239 p. _bil. (algunas a color) _c25 cm. |
||
| 500 | _aY222 | ||
| 500 | _aver también Y108 (year 1967/1968) | ||
| 600 | 1 | 4 |
_aChristie, Manson & Wood (Londres) _920277 |
| 650 | 1 | 4 |
_aArtes decorativas _vSubastas _920278 |
| 650 | 1 | 4 |
_aArtes decorativas _vCatálogos _914086 |
| 650 | 1 | 4 |
_aArte _xColeccionistas y colecciones _97445 |
| 902 | _aGFM | ||
| 942 |
_2lcc _cB |
||
| 999 |
_c7807 _d7807 |
||